[Event "IRI-ch U12"]
[Site "Chess.com INT"]
[Date "2021.01.16"]
[Round "2"]
[White "Mehrdad, Seyed Amir"]
[Black "Danesharaste, Arvin"]
[Result "0-1"]
[WhiteElo "1174"]
[BlackElo "1813"]
[PlyCount "122"]
[EventDate "2021.01.16"]
[EventType "swiss"]
[EventRounds "11"]
[EventCountry "IRI"]
[SourceTitle "EXT 2022"]
[Source "ChessBase"]
[SourceDate "2021.10.06"]
[SourceVersion "1"]
[SourceVersionDate "2021.10.06"]
[SourceQuality "1"]

1. e4 e5 2. Nf3 Nc6 3. Bc4 Bc5 4. b4 Bxb4 5. c3 Ba5 6. d4 d6 7. Qb3 Qd7 8. 0-0 Bb6 9. Bb5 a6 10. Ba4 Ba7 11. Bxc6 Qxc6 12. dxe5 Be6 13. Qc2 Ne7 14. Be3 Bxe3 15. fxe3 Qc5 16. Qf2 Bc4 17. Rd1 dxe5 18. Nbd2 f6 19. Nxc4 Qxc4 20. Rab1 b6 21. Qd2 0-0 22. Rb4 Qc5 23. Kf2 Nc6 24. Rbb1 Rad8 25. Qc2 Qc4 26. Qb3 Qxb3 27. axb3 a5 28. Rd5 Ne7 29. Rdd1 Kf7 30. Ne1 Ke6 31. Nc2 Nc6 32. c4 Rxd1 33. Rxd1 Rd8 34. Rd5 Rd6 35. Ke2 Ne7 36. c5 Rc6 37. Rd8 Rxc5 38. Na3 h6 39. Rh8 Rc1 40. Kd2 Rg1 41. Nb5 Rxg2+ 42. Kd3 c6 43. Nc7+ Kd7 44. Na8 b5 45. Nb6+ Ke6 46. Re8 Kf7 47. Ra8 Rxh2 48. Ra7 Ke6 49. Rxa5 g5 50. Ra6 g4 51. Na8 g3 52. Nc7+ Kd7 53. Ra7 Nc8 54. Rb7 Nd6 55. Ra7 Kc8 56. Ne6 g2 57. Rc7+ Kb8 58. Rxc6 g1Q 59. Rb6+ Ka7 60. Rc6 Qd1+ 61. Kc3 Qd2# 0-1